000 00284nam a2200109Ia 4500
008 200302s9999 xx 000 0 und d
100 _aSteven Hall
245 _aThis is hybrid/an analysis of mixed use buildings
260 _bA+T Architecture Publisher
260 _c2014
300 _a311
999 _c6589
_d6589